| 000 | nam a22 7a 4500 | ||
|---|---|---|---|
| 999 |
_c2484 _d2484 |
||
| 005 | 20170516162645.0 | ||
| 008 | 170516b1999 pau||||| |||| 00| 0 eng d | ||
| 020 | _a0781719240 | ||
| 040 | _aAKMAL | ||
| 082 | _a610.73072 REA | ||
| 090 |
_a610.73072 _bREA |
||
| 245 | 0 | 0 |
_aReadings in research methodology / | _c [edited by] Florence Downs |
| 250 | _a2nd ed. | ||
| 260 |
_aPhiladelphia : _bLippincott, _c c1999 |
||
| 300 |
_a ix, 293 p. : _bill. ; _c23 cm |
||
| 500 | _aRev. ed. of: Handbook of research methodology. c1988. | ||
| 504 | _a Includes bibliographical references. | ||
| 650 | 0 |
_aNursing _vHandbooks, manuals, etc. _xResearch _xMethodology _95158 |
|
| 650 | 0 |
_a Research _vHandbooks, manuals, etc. _xMethodology _95159 |
|
| 650 | 1 | 2 |
_aNursing Research _vcollected works _95160 |
| 700 | 1 |
_aDowns, Florence S. _95161 |
|
| 942 |
_2ddc _cBOOK |
||